Refutando documentalmente la `crítica` que sobre la gestión municipal del Ayuntamiento de Huelva durante la actuación del alcalde Don Juan Quintero Báez pública de Don Ignacio de Cepeda / (Record no. 123726)

MARC details
000 -LEADER
campo de control de longitud fija 00636nam a2200169 i 4500
001 - NÚMERO DE CONTROL
campo de control 123726
003 - IDENTIFICADOR DE NÚMERO DE CONTROL
campo de control ES-MaACL
005 - FECHA Y HORA DE LA ÚLTIMA TRANSACCIÓN
campo de control 20230906192228.0
007 - CAMPO FIJO DE DESCRIPCIÓN FÍSICA--INFORMACIÓN GENERAL
campo de control de longitud fija t|
008 - DATOS DE LONGITUD FIJA--INFORMACIÓN GENERAL
campo de control de longitud fija 070214s1928 sp r ||||1| spa d
100 1# - ENTRADA PRINCIPAL--NOMBRE DE PERSONA
Nombre de persona Quintero Báez, Juan.
9 (RLIN) 165932
245 10 - MENCIÓN DEL TÍTULO
Título Refutando documentalmente la `crítica` que sobre la gestión municipal del Ayuntamiento de Huelva durante la actuación del alcalde Don Juan Quintero Báez pública de Don Ignacio de Cepeda /
Mención de responsabilidad, etc. Juan Quintero Baéz.
260 ## - PUBLICACIÓN, DISTRIBUCIÓN, ETC.
Lugar de publicación, distribución, etc. Huelva :
Nombre del editor, distribuidor, etc. Rafael Mojarro,
Fecha de publicación, distribución, etc. 1928.
300 ## - DESCRIPCIÓN FÍSICA
Extensión 25 p. ;
Dimensiones 21 cm.
700 1# - ENTRADA AGREGADA--NOMBRE PERSONAL
Nombre de persona Cepeda, Ignacio de.
9 (RLIN) 165933
852 ## - LOCALIZACIÓN
Ubicación ES-MaACL
Número de control de estantería 1714-F-10
Holdings
Estatus retirado Estado de pérdida Estado de daño No para préstamo Colección Biblioteca de origen Biblioteca actual Ubicación en estantería Fecha de adquisición Fuente de adquisición Total de préstamos Signatura topográfica completa Código de barras Visto por última vez Precio de reemplazo Tipo de ítem Koha
        Colección de folletos Biblioteca del Ateneo de Madrid Biblioteca del Ateneo de Madrid Depósito folletos 17/01/2008     1714-F-10 1128907 23/02/2023 23/02/2023 Folleto